Collected Tales, Sketches, Speeches, & Essays 1891 - 1910
Guardat en:
| Autor principal: | |
|---|---|
| Format: | Llibre |
| Idioma: | Undetermined |
| Publicat: |
New York, Estados Unidos
The Library of America
1992
|
| Matèries: | |
| Etiquetes: |
Afegir etiqueta
Sense etiquetes, Sigues el primer a etiquetar aquest registre!
|
MARC
| LEADER | 00000nam a2200000Ia 4500 | ||
|---|---|---|---|
| 008 | 170316s9999 xx 000 0 und d | ||
| 040 | |a cru BVZT | ||
| 090 | |a E-810 T-1co | ||
| 100 | |a Twain, Mark | ||
| 245 | |a Collected Tales, Sketches, Speeches, & Essays 1891 - 1910 | ||
| 260 | |a New York, Estados Unidos | ||
| 260 | |b The Library of America | ||
| 260 | |c 1992 | ||
| 300 | |a 1050 páginas | ||
| 650 | |a LITERATURA ESTADOUNIDENSE - COLECCIÓN ESPECIAL | ||
| 650 | |a ESCRITOS CORTOS | ||
| 999 | |c 13302 |d 13302 | ||
| 942 | |c 15 D |h E-810 T-1co |2 z | ||
